| 000 | 01271nam a2200325 i 4500 | ||
|---|---|---|---|
| 001 | 186493 | ||
| 003 | SpMaBN | ||
| 005 | 20260214184140.0 | ||
| 008 | 161118s2006 sp ao c |||| |dspa d | ||
| 020 | _a84-8026-307-5 | ||
| 080 | _a745.52 Albers, Anni (083.824) | ||
| 080 | _a7 Albers, Josef (083.824) | ||
| 080 | _a7.031.2(=87)(083.824) | ||
| 100 | 1 |
_aAlbers, Anni. _9161309 |
|
| 245 | 1 | 0 |
_aAnni Albers Josef _b: viajes por Latinoamérica : 14 de noviembre de 2006-12 de febrero de 2007 : [exposición] / _c[comisaria, Brenda Danilowitz]. |
| 246 | 3 | 3 | _aAnni y Josef Albers |
| 260 |
_a[Madrid] : _bMuseo Nacional Centro de Arte Reina Sofía, _c[2006] |
||
| 300 |
_a268 p. : _bprincipalmente il. col. y n., fot. ; _c29 cm. |
||
| 504 | _aBibliografía: p. [221] | ||
| 546 | _aTexto en español e inglés. | ||
| 600 | 1 | 7 |
_aAlbers, Anni- _vExposiciones. _9161310 |
| 600 | 1 | 7 |
_aAlbers, Josef, _d1888-1976- _vExposiciones _2 _9155785 |
| 650 | 0 | 4 |
_aArte precolombino- _vExposiciones _910267 |
| 655 | 7 |
_2tgfbne _9193628 _aCatálogos de exposiciones |
|
| 700 | 0 |
_aAlbers, Josef, _d1888-1976 _919303 |
|
| 710 | 2 |
_aMuseo Nacional Centro de Arte Reina Sofía _9147737 |
|
| 852 |
_aES-MaACL _jL-30837 _z- enc. tela |
||
| 942 | _2udc | ||
| 999 |
_c186493 _d186493 |
||